00968 2200337 4500001002100000005001500021035002500036008004100061020002200102040001700124082001500141084001700156090002100173090002200194100003200216245010100248250002000349260003400369300004600403500001100449504003300460650001400493650001000507650001300517700001900530850001200549007000300561999002200564990002200586990002200608INLIS00000000003537220191105110701 a0010-041800000000552180406s2017 yoia g 1 | ind d a978-979-21-5000-1 aYOPDYOGbind04223a332.63 a332.63 Edu P aDEP 332.63 Edu P aCB-D.11 2017-17640 aEduardus Tandelilin,d1956-10aPasar modal :bmanajemen portofolio investasi /cEduardus Tandelilin; penyunting, Ganjar Sudibyo aCetakan pertama aYogyakarta :bKanisius,c2017 axviii, 681 halaman :bilustrasi ;c26 cm. aIndeks aBibliografi: halaman 633-641 4aInvestasi 4aBursa 4aObligasi0 aGanjar Sudibyo aYOPDYOGta aCB-D.11/2017-1764 aCB-D.11/2017-1764 aCB-D.11/2017-1764